000 00867nam a2200253 i 4500
001 bg
100 1 _aMÅRTENSSON, Hans
_d(1946- )
245 1 0 _aKominki, piece, piecyki /
_cHans Mårtensson ; [tł. z szw. Wojciech Roszak].
246 _iTyt. oryg.:
_aSpisboken : kaminer, spisinsatser, kakelugnar
260 _aWarszawa :
_b"Arkady",
_c2001.
300 _a80 s. :
_bil. ;
_c25 cm.
500 _aTyt. oryg.: "Spisboken : kaminer, spisinsatser, kakelugnar" 1994.
650 9 _aPiec mieszkaniowy
655 _aWydawnictwa popularne
700 1 _aROSZAK, Wojciech
_d(1929- ).
_eTł.
020 _a8321342140
040 _cBPK
041 1 _apol
_hswe
080 _a697(02.025.2)
920 _a83-213-4214-0
942 _cKS
008 s pl f |000 0 pol
999 _c44619
_d44619
856 _uhttp://koha.tu.koszalin.pl/cgi-bin/koha/opac-detail.pl?biblionumber=44619
_yKatalog online BPK